Vận hành sửa chữa động cơ điện và máy điện

Uloženo v:
Podrobná bibliografie
Hlavní autor: Nguyễn Thanh
Médium: Kniha
Vydáno: Tp. HCM Nxb Tp. Hồ Chí Minh 1982
Témata:
Tagy: Přidat tag
Žádné tagy, Buďte první, kdo otaguje tento záznam!
Thư viện lưu trữ: Trung tâm Học liệu Lê Vũ Hùng, Trường Đại học Đồng Tháp
LEADER 00760pam a22002298a 4500
001 00016912
005 20171026081022.0
008 110414s1982 ||||||Viesd
041 0 # |a Vie 
082 1 # |a 621.31  |b V121H 
100 0 # |a Nguyễn Thanh 
245 0 0 |a Vận hành sửa chữa động cơ điện và máy điện  |c Nguyễn Thanh 
260 # # |a Tp. HCM  |b Nxb Tp. Hồ Chí Minh  |c 1982 
300 # # |a 148 tr.  |b Hình vẻ  |c 19 cm. 
650 # 7 |2 Máy điện 
650 # 7 |2 Động cơ điện 
653 # # |a Vận hành 
653 # # |a sữa chữa 
852 # # |b Kho đọc  |j KD.0002158 
852 # # |j KD.0002158 
910 |d 14/04/2011 
980 # # |a Trung tâm Học liệu Lê Vũ Hùng, Trường Đại học Đồng Tháp